| 000 | 00522cam a2200205 4500 | ||
|---|---|---|---|
| 001 | B2131 | ||
| 008 | 090401t1979 xxu||||| |||| 00| 0 eng d | ||
| 035 | _a(Sirsi) u48174 | ||
| 041 | _aeng | ||
| 050 | _a301.32 | ||
| 100 | _aRaine, J.W. | ||
| 245 | _aPatterns and trends in household formation | ||
| 260 |
_aGarston,Watford _bBuilding Research Establishment _c1979 |
||
| 300 | _a(3)p. ; 30cm. | ||
| 350 | _a1 | ||
| 490 |
_aBRE Information Paper _v8/79 |
||
| 650 | _aDEMOGRAPHY | ||
| 942 | _n0 | ||
| 948 | _c04/03/1997 | ||
| 999 |
_c92292 _d92292 |
||